000 00284nam a2200121Ia 4500
008 190216s9999||||xx |||||||||||||| ||und||
100 _aDaniel Defoe
245 0 _a"Robinson Cruso Of York,Mariner"
260 _bE J Arnold & Son Ltd
300 _a95p
650 _aNovel
942 _cBK
999 _c11927
_d11927